• 首页
  • 本馆介绍
  • 公告通知
  • 最新文献
  • 馆藏检索
  • 电子资源
  • 读者导购
  • 参考咨询
  • 我的图书馆
  • 登录
  • 详细信息显示
  • 放入我的书架
  • 预约/预借图书
  • 作者相关作品
  • 分类相关作品
  • 丛书相关作品
  • 出版社相关作品

书目信息

  • 表格格式
  • 工作单格式
  • 卡片格式
题名:
新时代学校使命
    
 
作者: 董筱婷 主编
分册:  
出版信息: 上海   华东师范大学出版社  2019.07
页数: 10, 142页
开本: 23cm
丛书名: 大夏书系·《人民教育》精品文丛
单 册:
中图分类: G4
科图分类:
主题词: 教育工作--jiao yu gong zuo--研究
电子资源:
ISBN: 978-7-5675-9073-1
000 00964nam 2200253 450
001 0105143317
005 20201105143350.0
010    @a978-7-5675-9073-1@dCNY35.00
100    @a20190921d2019 em y0chiy50 ea
101 0  @achi
102    @aCN@b310000
105    @ay z 000yy
106    @ar
200 1  @a新时代学校使命@Axin shi dai xue xiao shi ming@f董筱婷主编
210    @a上海@c华东师范大学出版社@d2019.07
215    @a10, 142页@d23cm
225 2  @a大夏书系·《人民教育》精品文丛@Ada xia shu xi ren min jiao yu jing pin wen cong@f余慧娟主编
330    @a本书共分五辑,分别为大事件与大视野、质量时代的教育、学校的使命、回到儿童的陌生处、做一个精神灿烂的人。收录我们的教育自信在哪里、知器与明道、重建中国的精神与灵魂等文章。
461  0 @12001 @a大夏书系·《人民教育》精品文丛
606 0  @a教育工作@Ajiao yu gong zuo@x研究
690    @aG4@v5
701  0 @a董筱婷@Adong xiao ting@4主编
801  0 @aCN@bBJSZM@c20201105
905    @b1262418-21@dG4@e290@f4
    
    新时代学校使命/董筱婷主编.-上海:华东师范大学出版社,2019.07
    10, 142页;23cm.-(大夏书系·《人民教育》精品文丛/余慧娟主编)
    
    
    ISBN 978-7-5675-9073-1:CNY35.00
    本书共分五辑,分别为大事件与大视野、质量时代的教育、学校的使命、回到儿童的陌生处、做一个精神灿烂的人。收录我们的教育自信在哪里、知器与明道、重建中国的精神与灵魂等文章。
●
相关链接 在E读中查询图书 在五车中查询图书 在当当中查询图书 在豆瓣中查询图书


正题名:新时代学校使命     索取号:G4/290         预约/预借

序号 登录号 条形码 馆藏地/架位号 状态 备注
1 1262418   212624187   第一样本阅览室/ [索取号:G4/290] 在馆    
2 1262419   212624196   教育系资料室/ [索取号:G4/290] 在馆    
3 1262420   212624203   教育系资料室/ [索取号:G4/290] 在馆    
4 1262421   212624212   第四借阅区/ [索取号:G4/290] 在馆    
唐山师范学院图书馆 欢迎您!
大连网信软件有限公司© 版权所有